[Event "Tata Steel-A 78th"]
[Site "Wijk aan Zee"]
[Date "2016.01.24"]
[Round "8"]
[White "Karjakin, Sergey"]
[Black "Carlsen, Magnus"]
[Result "1/2-1/2"]
[WhiteElo "2769"]
[BlackElo "2844"]
[Annotator "Luke McShane Gute Eröffnungen 17"]
[PlyCount "62"]
[EventDate "2016.01.16"]
[EventType "tourn"]
[EventRounds "13"]
[EventCountry "NED"]
[EventCategory "20"]
[SourceTitle "CBM 171"]
[Source "ChessBase"]
[SourceDate "2016.03.14"]
[SourceVersion "2"]
[SourceVersionDate "2016.03.14"]
[SourceQuality "1"]

{[%evp 0,62,25,25,31,25,28,15,78,68,29,32,46,14,39,39,39,15,10,17,22,14,14,-14,
45,43,37,16,15,19,20,14,14,2,2,0,-3,0,1,0,11,6,1,0,0,0,4,3,19,-8,17,4,6,-7,25,
1,20,-7,0,-7,-7,7,0,0,0]} 1. e4 e5 2. Nf3 Nc6 3. Bb5 g6 4. O-O Bg7 5. c3 a6 6.
Ba4 d6 7. d4 Bd7 8. Re1 Nf6 9. d5 Ne7 10. Bxd7+ Nxd7 11. Be3 {[#]} Ng8 $1 {
Schwarz bereitet den Abtausch des schlechten Läufers auf g7 vor.} (11... h6
12. Nfd2 f5 13. f3 f4 14. Bf2 g5 15. c4 h5 16. Nc3 Bf6 17. b4 Rg8 {Hier konnte
Weiß in Ni Hua-Luke McShane (Riad, Schnellschach-WM 2017) mittels 18.c5 in
Vorteil kommen.}) 12. c4 Bh6 13. Nc3 {Vielleicht macht es Sinn den Springer
mittels 13.Lxh6 Sxh6 zu deplatzieren.} Bxe3 14. Rxe3 Ngf6 15. b4 O-O 16. Rc1
Qe7 {[#] Es sieht so aus, dass der Läufertausch Schwarz genügend Raum
verschafft hat und er sich keine Sorgen machen muss.} 17. Nd2 a5 18. a3 axb4
19. axb4 Nb6 20. h3 Rfc8 21. Ra1 Rxa1 22. Qxa1 Ra8 23. Qb2 Qe8 24. Qc2 c6 25.
Kh2 Qc8 26. dxc6 Qxc6 27. Qb3 Kg7 28. Rd3 Ra1 29. Qb2 Ra8 30. Qb3 Ra1 31. Qb2
Ra8 1/2-1/2

[Event "Moscow Tal Memorial 8th"]
[Site "Moscow"]
[Date "2013.06.23"]
[Round "9"]
[White "Caruana, Fabiano"]
[Black "Andreikin, Dmitry"]
[Result "1/2-1/2"]
[WhiteElo "2774"]
[BlackElo "2713"]
[Annotator "Luke McShane Gute Eröffnungen 17"]
[PlyCount "81"]
[EventDate "2013.06.13"]
[EventType "tourn"]
[EventRounds "9"]
[EventCountry "RUS"]
[EventCategory "22"]
[SourceTitle "CBM 155"]
[Source "ChessBase"]
[SourceDate "2013.07.16"]
[SourceVersion "1"]
[SourceVersionDate "2013.07.16"]
[SourceQuality "1"]

{[%evp 0,81,25,28,10,19,24,27,5,5,41,5,-7,17,30,39,39,-8,19,-5,3,-13,16,-15,67,
2,44,33,47,41,48,-4,37,32,32,40,32,37,34,30,29,18,6,5,0,-10,0,-10,-4,-18,-8,0,
6,11,14,4,2,0,0,1,11,5,3,2,8,6,16,-2,-22,-29,26,21,28,19,13,-9,-7,-2,-9,-25,
-20,-43,-42,-58]} 1. e4 e5 2. Nf3 Nc6 3. Bb5 a6 4. Ba4 d6 5. c3 Bd7 6. O-O g6
7. d4 Bg7 8. h3 Nf6 9. Re1 O-O 10. Nbd2 Re8 11. Bc2 Qe7 12. Nf1 Qf8 13. Ng3
Rad8 14. d5 Ne7 {[#]} 15. Nh2 (15. c4 {sieht sehr natürlich aus und ich denke,
dass Weiß etwas besser steht. Schwarz kann Lh6 spielen, aber es ist auch
möglich mittels h6 und Sh7 oder mittels Kh8 und Sg8 den Hebel f5 anzustreben.}
) 15... Bh6 16. Qf3 Bxc1 17. Raxc1 Qg7 18. Qe3 {[#]} Nh5 $1 {Es ist nützlich
die g-Linie zu öffnen und Schwarz steht bereit um mit f5 fortzusetzen.} 19.
Nxh5 gxh5 20. Kh1 f5 21. exf5 Bxf5 22. Bxf5 Nxf5 {Schwarz steht bereits einen
Hauch besser, aber die Remisbreite ist nicht überschritten.} 23. Qd3 Rf8 24.
Nf3 Ne7 25. c4 Ng6 26. Rc3 Kh8 27. Qf1 Qf6 28. Re4 a5 29. Rb3 b6 30. h4 Rd7 31.
g3 Qf5 32. Re2 Qg4 33. Nd2 Rdf7 34. Ne4 Rf3 35. Rxf3 Qxf3+ 36. Kh2 h6 37. Re1
Ne7 38. Qe2 Qf7 39. Qd2 Nf5 40. Nc3 Qg6 41. Re4 1/2-1/2

[Event "Korchnoi Memorial Open"]
[Site "St Petersburg RUS"]
[Date "2018.08.20"]
[Round "6.7"]
[White "Paravyan, D."]
[Black "Golubov, Saveliy"]
[Result "1-0"]
[WhiteElo "2630"]
[BlackElo "2470"]
[Annotator "Höpfner,Dr.  / Sammelsurium 7"]
[PlyCount "59"]
[EventDate "2018.08.15"]
[EventType "swiss"]
[EventRounds "9"]
[EventCountry "RUS"]
[SourceTitle "The Week in Chess 1242"]
[Source "Mark Crowther"]
[SourceDate "2018.08.27"]
[SourceVersion "1"]
[SourceVersionDate "2018.08.27"]
[SourceQuality "2"]

1. e4 e5 2. Nf3 Nf6 3. Nxe5 d6 4. Nf3 Nxe4 5. d4 d5 6. Bd3 Bd6 7. O-O O-O 8. c4
c6 9. Qb3 dxc4 (9... Na6 10. cxd5 (10. a3 Nc7 11. Nc3 Nxc3 12. bxc3 dxc4 13.
Bxc4 Nd5 14. Bg5 Qc7 15. Bh4 Bg4 16. Bxd5 cxd5 17. Qxd5 Bxf3 18. Qxf3 Bxh2+ 19.
Kh1 Bd6 20. Rab1 b6 21. Rfc1 Bxa3 22. Rc2 Qc4 23. Qe2 Qxe2 24. Rxe2 Rac8 25.
Ra2 Rxc3 26. Rba1 Bd6 27. Rxa7 Rd3 28. Rd7 Rxd4 29. Be7 Bxe7 30. Rxd4 Bf6 31.
Rad1 Bxd4 32. Rxd4 Rb8 33. Rb4 b5 34. Kh2 Kf8 35. Kg3 Ke7 36. Kf4 Kd6 37. Rd4+
Kc5 38. Rd7 b4 39. Rxf7 b3 40. Rc7+ Kd4 41. Rc1 b2 42. Rb1 Kc3 {0-1 Vovk,Y 
(2546)-Sammour Hasbun,J (2460)/ICC INT 2009/CBM 129 Extra}) 10... cxd5 11. Nc3
Be6 12. Re1 Nc7 13. Qc2 f5 14. Ne5 Qh4 15. g3 Qh5 16. Be2 Qh3 17. Bf1 Qh5 18.
Qe2 Qxe2 19. Nxe2 Rac8 20. f3 Bb4 21. Rd1 Nf6 22. Nf4 Bd7 23. Be3 Bb5 24. Bh3
g6 25. Rac1 Rfe8 26. Kf2 Na8 27. Nfd3 Bd6 28. Bf1 Bxd3 29. Bxd3 Nb6 30. Bf4
Rxc1 31. Rxc1 Rc8 32. Rxc8+ Nxc8 33. Bc2 Kf8 34. Bb3 Ke7 35. Bg5 Nb6 36. a4 Ke6
37. Bxf6 Kxf6 38. a5 Nc8 39. Bxd5 Bxe5 40. dxe5+ Kxe5 41. Bxb7 Nd6 42. Ba6 Kd4
43. h4 h6 44. b4 g5 45. Be2 gxh4 46. gxh4 f4 47. h5 Kc3 48. b5 Kb4 49. b6 axb6
50. axb6 Kc5 51. Kg2 Kxb6 52. Kh3 Ne8 53. Kg4 Nf6+ 54. Kxf4 Nxh5+ 55. Ke5 Kc6
56. Bd3 Kd7 57. Bg6 Ng3 58. Kf4 Ne2+ 59. Kg4 Ke6 60. Kh5 Kf6 {1/2-1/2 Short,N 
(2683)-Bluvshtein,M (2520)/Ottawa 2007/CBM 119 ext}) 10. Bxc4 Nd7 11. Re1 Ndf6
$6 (11... Nef6 $142 $11) 12. Nbd2 (12. Nc3 $5) 12... Nxd2 13. Bxd2 Qb6 14. Qd3
Qxb2 $6 {Riskant. Solider ist hier} (14... Bg4 $142 $11) 15. Rab1 Qa3 16. Qc2
Nd5 $6 {Ungenau.} (16... b5 $142 $5 {Nach dem Textzug hingegen hat Weiß einen
unwiderstehlichen Angriff.}) 17. Rb3 Qa4 18. Bxd5 cxd5 19. Ng5 g6 (19... f5
$143 20. Nxh7 Rf7 (20... Kxh7 $4 21. Rh3+ Kg8 22. Qxa4 $18) 21. Qd1 g6 22. Ng5
$18 {mit starkem weißen Angriff.}) 20. Nxh7 $1 Bf5 $6 {Der letzte Fehler.} (
20... Kxh7 $4 21. Rh3+ Bxh3 22. Qxa4 Bf5 23. Qb5 $18) (20... Qc4 $142 {mit der
denkbaren Variante} 21. Rc3 Qxd4 22. Nxf8 Bf5 23. Ne6 fxe6 (23... Bxc2 24. Nxd4
$18) 24. Qc1 $16 {und Schwarz spielt noch ein wenig mit. Nach 20...Lf5 dagegen
hat der Nachziehende keine realistische Chance mehr gegen den Ansturm der
weißen Figuren.}) 21. Nf6+ Kg7 {Diagramm [#]} (21... Kh8 $2 22. Rh3+ Bxh3 23.
Qxa4 Be6 24. Bh6 $18) 22. Bh6+ $3 Kxf6 (22... Kxh6 23. Rh3+ Bxh3 24. Qxa4 Be6
25. Qb5 $18) (22... Kh8 $2 23. Bxf8 Qa5 (23... Rxf8 24. Rh3+ Bxh3 25. Qxa4 Be6
26. h3 $18) 24. Qc1 Bf4 25. Bb4 (25. Qxf4 $4 Qxe1#) 25... Bxc1 26. Bxa5 $18)
23. g4 $3 Bf4 {Diagramm [#]} (23... Bxg4 24. Qd2 Rfe8 25. Qg5#) (23... Be4 24.
Rf3+ $1 Bxf3 25. g5#) 24. Qc7 $3 {Ein phantastischer Zug. Schwarz ist nunmehr
endgültig verloren.} Bxh6 (24... Bxc7 25. g5#) (24... g5 25. Qe7+ Kg6 26. gxf5+
Kxf5 (26... Kh7 27. Bxf8 $18) 27. Re5+ Kg6 (27... Bxe5 28. Qxe5+ Kg6 (28... Kg4
29. Qxg5#) 29. Qxg5+ Kh7 30. Qg7#) (27... Kg4 28. Rg3+ Bxg3 (28... Kh4 29.
Bxg5+ Kh5 (29... Bxg5 30. Qxg5#) 30. Bxf4+ f5 31. Qg5#) 29. Qxg5+ Kf3 30. Qxg3#
) 28. Rxg5+ Kh7 (28... Bxg5 29. Qxg5+ Kh7 30. Qg7#) (28... Kxh6 29. Rh3#) 29.
Bxf8 Bxg5 30. Qxf7+ Kh8 31. Qg7#) (24... Be4 25. Qxf4+ Ke7 (25... Bf5 26. g5#)
26. Rxb7+ Ke8 27. Qc7 Qa3 28. Qd7#) (24... Rfe8 25. g5+ Bxg5 26. Qd6+ Re6 (
26... Be6 27. Rf3+ Bf4 28. Rxf4#) 27. Rxe6+ fxe6 (27... Bxe6 28. Rf3+ Bf4 29.
Rxf4#) 28. Qe5+ Kf7 29. Rxb7+ Ke8 (29... Kg8 30. Qg7#) 30. Qh8#) 25. Qe5+ Kg5
26. h4+ $1 Kxh4 (26... Kxg4 27. Rg3+ Kh5 (27... Kxh4 28. Qxf5 $1 gxf5 29. Kg2
Rg8 30. Rh1#) 28. Qe2+ Kxh4 (28... Bg4 29. Qxg4#) 29. Qf3 Qd7 30. Re5 Bg5 31.
Rh3+ Bxh3 32. Qg3+ Kh5 33. Qxg5#) 27. Rh3+ $1 Kg5 (27... Kxh3 28. Qg3#) (27...
Kxg4 28. Qg3#) 28. Qe7+ {Schwarz gab auf, da dass Matt nicht mehr zu
verhindern ist – 1:0. Ein mögliches Partie-Ende:} f6 (28... Kf4 29. Qe3+
Kxg4 30. Qg3#) (28... Kxg4 29. Qh4#) 29. Qe3+ Kxg4 30. Qg3# {Eine
eindrucksvolle Königsjagd für die Lehrbücher.} 1-0

[Event "34th ECC Open 2018"]
[Site "Porto Carras GRE"]
[Date "2018.10.17"]
[Round "6.6"]
[White "Papadimitriou, A."]
[Black "Greenfeld, A."]
[Result "0-1"]
[WhiteElo "2265"]
[BlackElo "2495"]
[Annotator "Kombiecke 40"]
[PlyCount "84"]
[EventDate "2018.10.12"]
[EventType "team"]
[EventRounds "7"]
[EventCountry "GRE"]
[SourceTitle "The Week in Chess 1250"]
[Source "Mark Crowther"]
[SourceDate "2018.10.22"]
[SourceVersion "2"]
[SourceVersionDate "2018.10.26"]
[SourceQuality "2"]
[WhiteTeam "E.S. Thessalonikis"]
[BlackTeam "Beer Sheva Chess Club"]

1. Nf3 g6 2. g3 Bg7 3. d4 Nf6 4. Bg2 O-O 5. O-O d5 6. c3 Bf5 7. Nh4 Be6 8. Nd2
Nbd7 9. e4 dxe4 10. Nxe4 Nxe4 11. Bxe4 c6 12. Re1 Bc4 13. Nf3 Nf6 14. Ne5 Nxe4
15. Nxc4 Qd5 16. Qe2 c5 17. Qxe4 Qxc4 18. dxc5 Qxc5 19. Qxe7 Qc6 20. Bf4 Rfe8
21. Qd6 Qf3 22. Qd1 Qc6 23. Qb3 h5 24. h4 Bf6 25. Rad1 Qf3 26. Re3 Rxe3 27.
Bxe3 Re8 28. Qd5 Rxe3 29. fxe3 Qxg3+ 30. Qg2 Qxe3+ 31. Qf2 Qe4 32. Rf1 Qg4+ 33.
Qg2 Bxh4 34. Qxg4 hxg4 35. Rd1 f5 36. Rd7 Bg5 37. Rxb7 Be3+ 38. Kg2 f4 39. c4
a5 40. Rc7 {Diagramm [#]} f3+ 41. Kg3 Bf4+ 42. Kxf4 f2 0-1

[Event "TCh-BEL 2018-19"]
[Site "Belgium BEL"]
[Date "2019.02.10"]
[Round "7.6"]
[White "Van der Lende, I."]
[Black "Kabos, T."]
[Result "1-0"]
[WhiteElo "2331"]
[BlackElo "2295"]
[Annotator "Kombiecke 40"]
[PlyCount "61"]
[EventDate "2018.09.30"]
[EventType "team"]
[EventRounds "11"]
[EventCountry "BEL"]
[SourceTitle "The Week in Chess 1266"]
[Source "Mark Crowther"]
[SourceDate "2019.02.12"]
[SourceVersion "1"]
[SourceVersionDate "2019.02.12"]
[SourceQuality "2"]
[WhiteTeam "Wachtebeke 1"]
[BlackTeam "CRELEL 1"]

1. e4 c6 2. c4 d5 3. exd5 Nf6 4. Nc3 cxd5 5. cxd5 Nxd5 6. Qb3 e6 7. Nf3 Nc6 8.
d4 Be7 9. Bb5 O-O 10. O-O Nxc3 11. bxc3 Qc7 12. Re1 Bd7 13. Bd3 Rac8 14. Qc2 g6
15. Bh6 Rfe8 16. Rac1 Ba3 17. Bg5 Bxc1 18. Qxc1 Kg7 19. Ne5 Nxe5 20. dxe5 Qc5
21. Qf4 Kg8 22. Bf6 Qf8 23. c4 Bc6 24. Re3 Red8 25. Qh4 Rd7 {Diagramm [#]} 26.
Rh3 h5 27. Qxh5 gxh5 28. Rg3+ Qg7 29. Rxg7+ Kf8 30. Rh7 Rxd3 31. Rh8# 1-0

[Event "World Rapid 2018"]
[Site "St Petersburg RUS"]
[Date "2018.12.26"]
[Round "5.18"]
[White "Gelfand, B."]
[Black "Novikov, St1"]
[Result "1-0"]
[WhiteElo "2673"]
[BlackElo "2540"]
[Annotator "Kombiecke 40"]
[PlyCount "83"]
[EventDate "2018.12.26"]
[EventType "swiss (rapid)"]
[EventRounds "15"]
[EventCountry "RUS"]
[SourceTitle "The Week in Chess 1260"]
[Source "Mark Crowther"]
[SourceDate "2018.12.31"]
[SourceVersion "1"]
[SourceVersionDate "2018.12.31"]
[SourceQuality "2"]

1. d4 g6 2. e4 Bg7 3. Nf3 c6 4. c4 d6 5. Be2 Bg4 6. O-O Qb6 7. Nbd2 Nf6 8. Qc2
Nfd7 9. Rd1 O-O 10. h3 Bxf3 11. Nxf3 c5 12. d5 Na6 13. Bf4 Rab8 14. Rab1 Nc7
15. a3 a6 16. b4 Qa7 17. Be3 a5 18. bxc5 Nxc5 19. Nd4 Qa8 20. f4 N7a6 21. Nb5
a4 22. Nd4 Rbc8 23. Bg4 Rcd8 24. Rb6 h5 25. Bf3 Rc8 26. Rdb1 Rc7 27. Nb5 Rcc8
28. Nc3 Nb3 29. Nxa4 Nd4 30. Qd3 Nxf3+ 31. gxf3 Rc7 32. f5 Nb8 33. R6b4 Nd7 34.
Nb6 Qd8 35. Nxd7 Qxd7 36. Kh2 Kh7 37. Rg1 gxf5 38. exf5 Bf6 39. c5 dxc5 {
Diagramm [#]} 40. Rh4 Bxh4 41. f6+ Kh8 42. Rg7 1-0

[Event "PRO League Group Stage"]
[Site "chess.com INT"]
[Date "2019.02.07"]
[Round "5"]
[White "Azarov, S."]
[Black "Caruana, F."]
[Result "0-1"]
[WhiteElo "2575"]
[BlackElo "2828"]
[Annotator "Kombiecke 40"]
[PlyCount "136"]
[EventDate "2019.01.08"]
[EventType "team (rapid)"]
[EventRounds "10"]
[EventCountry "USA"]
[SourceTitle "The Week in Chess 1266"]
[Source "Mark Crowther"]
[SourceDate "2019.02.12"]
[SourceVersion "1"]
[SourceVersionDate "2019.02.12"]
[SourceQuality "2"]
[WhiteTeam "New York Marshalls"]
[BlackTeam "Saint Louis Arch Bishops"]

1. e4 c5 2. Nf3 e6 3. d4 cxd4 4. Nxd4 a6 5. Be2 b6 6. O-O Bb7 7. Nc3 Bc5 8. Qd3
Qc7 9. a4 Nf6 10. Bg5 Nc6 11. Nxc6 Bxc6 12. Rad1 h5 13. Bh4 Qb7 14. Bf3 Ng4 15.
Bg3 Rd8 16. Nb5 axb5 17. axb5 Bxe4 18. Bxe4 d5 19. c4 h4 20. Bf4 Nf6 21. Bg5
Nxe4 22. Qxe4 Be7 23. Qg4 O-O 24. Qxh4 Bxg5 25. Qxg5 d4 26. Rd3 f6 27. Qg6 Qf7
28. Qe4 e5 29. b3 Rfe8 30. Rfd1 f5 31. Qe2 Qf6 32. Qd2 Rd7 33. b4 Red8 34. c5
e4 35. c6 Rd5 36. c7 exd3 37. cxd8=Q+ Rxd8 38. Qxd3 Qe5 39. g3 Qe4 40. Qc4+ Kh7
41. Qc7 Qe2 42. Rf1 Re8 43. Qd7 d3 44. Qxf5+ Kh8 45. g4 Re5 46. Qc8+ Kh7 47. h3
d2 48. Qc2+ Kh8 49. Qb1 Qf3 50. Qc2 Qe2 51. Qb1 Rd5 52. Qd1 Qxb5 53. Kg2 Rd8
54. f3 Qxb4 55. h4 Qd4 56. h5 b5 57. Rh1 b4 58. h6 g6 59. Qe2 b3 60. Qe7 d1=Q
61. Rxd1 Qb2+ 62. Kg3 Rxd1 63. Qe8+ Kh7 64. Qe7+ Kxh6 {Diagramm [#]} 65. Qf8+ (
65. g5+ $1 Kh5 66. Qh7+ Kxg5 67. Qh4+ Kf5 68. Qh3+ Kg5 69. f4+ Kf6 70. Qh8+ $18
) 65... Qg7 66. Qf4+ Kh7 67. g5 Rh1 68. Kg2 Rh5 0-1

[Event "105th ch-GBR 2018"]
[Site "Hull ENG"]
[Date "2018.08.05"]
[Round "9.1"]
[White "Howell, D."]
[Black "McShane, L."]
[Result "0-1"]
[WhiteElo "2687"]
[BlackElo "2669"]
[Annotator "Kombiecke 40"]
[PlyCount "64"]
[EventDate "2018.07.28"]
[EventType "swiss"]
[EventRounds "9"]
[EventCountry "ENG"]
[SourceTitle "The Week in Chess 1239"]
[Source "Mark Crowther"]
[SourceDate "2018.08.06"]
[SourceVersion "1"]
[SourceVersionDate "2018.08.06"]
[SourceQuality "2"]

1. e4 e5 2. Nf3 Nc6 3. Bb5 a6 4. Ba4 d6 5. O-O Bd7 6. d4 exd4 7. Nxd4 Nxd4 8.
Bxd7+ Qxd7 9. Qxd4 Nf6 10. Nc3 Be7 11. Bf4 O-O 12. Rad1 Qc6 13. Nd5 Nxd5 14.
exd5 Qxc2 15. Rc1 Qf5 16. Rxc7 Bf6 17. Qd2 Rfc8 18. Rfc1 Rxc7 19. Rxc7 Re8 20.
h3 h5 21. b3 g5 22. Be3 Re5 23. Rxb7 Rxd5 24. Qc1 Be5 25. Rb4 Qd3 26. f4 Qe2
27. Kh2 gxf4 28. Bxf4 Rd2 29. Qc6 Kg7 30. a3 {Diagramm [#]} h4 31. Rc4 Qe3 32.
Qe4 Qg3+ 0-1

[Event "87th ch-UKR 2018"]
[Site "Kyiv UKR"]
[Date "2018.12.11"]
[Round "1.5"]
[White "Kovchan, A."]
[Black "Korobov, A."]
[Result "1-0"]
[WhiteElo "2575"]
[BlackElo "2698"]
[Annotator "Kombiecke 40"]
[PlyCount "73"]
[EventDate "2018.12.11"]
[EventType "tourn"]
[EventRounds "9"]
[EventCountry "UKR"]
[EventCategory "15"]
[SourceTitle "The Week in Chess 1258"]
[Source "Mark Crowther"]
[SourceDate "2018.12.17"]
[SourceVersion "1"]
[SourceVersionDate "2018.12.17"]
[SourceQuality "2"]

1. Nf3 d5 2. g3 Nf6 3. Bg2 e6 4. d4 b5 5. a4 b4 6. c4 bxc3 7. Nxc3 Bb4 8. O-O
O-O 9. Bf4 a5 10. Rc1 c6 11. Ne5 Ba6 12. Na2 Bd6 13. Re1 Qc7 14. Nc3 Qb7 15. e3
Rd8 16. Rc2 h6 17. h4 Bf8 18. g4 Nbd7 19. Nxf7 Kxf7 20. g5 Kg8 21. Bh3 Re8 22.
gxf6 Nxf6 23. Kh2 c5 24. Rg1 Kh8 25. Be5 Nd7 26. Bg3 Rac8 27. Rd2 Nf6 28. Be5
Nd7 29. Bf4 cxd4 30. exd4 Rc6 31. Qh5 Nf6 32. Qg6 Bd6 33. Be5 Rf8 34. f4 Qe7
35. Rdg2 Rf7 {Diagramm [#]} 36. Nxd5 exd5 37. Qxh6+ 1-0

[Event "17th Asian Continental"]
[Site "Makati PHI"]
[Date "2018.12.10"]
[Round "1.3"]
[White "Le Quang Liem"]
[Black "Bersamina, Paulo"]
[Result "0-1"]
[WhiteElo "2714"]
[BlackElo "2444"]
[Annotator "Kombiecke 40"]
[PlyCount "72"]
[EventDate "2018.12.10"]
[EventType "swiss"]
[EventRounds "9"]
[EventCountry "PHI"]
[SourceTitle "The Week in Chess 1257"]
[Source "Mark Crowther"]
[SourceDate "2018.12.10"]
[SourceVersion "1"]
[SourceVersionDate "2018.12.10"]
[SourceQuality "2"]

1. e4 e5 2. Nf3 Nc6 3. Bc4 Bc5 4. d3 Nf6 5. h3 h6 6. Nbd2 a6 7. c3 d6 8. Bb3
Be6 9. Bc2 Ba7 10. Nf1 d5 11. exd5 Nxd5 12. Ng3 Qd7 13. O-O O-O-O 14. Re1 Nf4
15. Bxf4 exf4 16. Nh5 Bxh3 17. Nxf4 Bg4 18. d4 Qd6 19. Nd3 f6 20. Re4 h5 21.
Qe2 Bf5 22. Re3 Bg4 23. Re4 Bf5 24. Re3 Bg4 25. Qf1 Ne7 26. Nd2 c6 27. Nc4 Qc7
28. Nc5 Nd5 29. Re4 Kb8 30. Rae1 Ka8 31. Ne3 Nf4 32. Qc4 Bb8 33. Nf1 h4 34. Re7
{Diagramm [#]} h3 35. Rxc7 hxg2 36. Nh2 Bf3 0-1

[Event "Niedersaechsisches DLM-Triumph-Turnier"]
[Site "Hamburg"]
[Date "2019.01.26"]
[Round "1.1"]
[White "Wachinger, Nikolas"]
[Black "Lanka, Zigurds"]
[Result "0-1"]
[WhiteElo "2276"]
[BlackElo "2416"]
[PlyCount "48"]
[EventDate "2019.??.??"]

1. e4 c5 2. Nf3 a6 3. c3 d5 4. exd5 Qxd5 5. d4 e6 6. Be3 cxd4 7. cxd4 Nf6 8.
Nc3 Qd6 9. Rc1 Nc6 10. Bd3 Be7 11. O-O O-O 12. Bb1 Rd8 13. a3 g6 14. Ba2 b5 15.
Qd2 Bb7 16. Bf4 Qd7 17. Rfd1 b4 18. Na4 Nxd4 19. Nxd4 Qxa4 20. Rc7 Bd5 21. Rxe7
Bxa2 22. Ra1 bxa3 23. Be5 Ng4 24. b4 Nxe5 0-1

[Event "Niedersaechsisches DLM-Triumph-Turnier"]
[Site "Hamburg"]
[Date "2019.01.27"]
[Round "2.1"]
[White "Gaede, Derek"]
[Black "Wachinger, Nikolas"]
[Result "0-1"]
[WhiteElo "2318"]
[BlackElo "2276"]
[PlyCount "86"]
[EventDate "2019.??.??"]

1. d4 Nf6 2. Nf3 d5 3. Bf4 c5 4. e3 Nc6 5. Nbd2 e6 6. c3 cxd4 7. exd4 Nh5 8.
Be3 Bd6 9. Ne5 g6 10. Nd3 Ng7 11. Bf4 Nf5 12. Nf3 O-O 13. Qd2 f6 14. O-O-O Qc7
15. Kb1 b6 16. h4 Ba6 17. Bxd6 Nxd6 18. Nf4 Ne4 19. Qe3 Bxf1 20. Rhxf1 Rfe8 21.
Nd2 Nd6 22. Rfe1 Nf5 23. Qf3 Qf7 24. g3 Rad8 25. Nb3 a5 26. Qd3 Nd6 27. Qa6 Rb8
28. Nc5 bxc5 29. Qxc6 Ne4 30. Rc1 Qb7 31. Qxb7 Rxb7 32. dxc5 Kf7 33. c4 Nd2+
34. Ka1 Nxc4 35. b3 Ne5 36. c6 Rc7 37. Rc5 Ra8 38. Rc2 Ra6 39. Nxe6 Kxe6 40. f4
Raxc6 41. Rce2 Rc1+ 42. Rxc1 Rxc1+ 43. Kb2 Rc8 0-1

[Event "Niedersaechsisches DLM-Triumph-Turnier"]
[Site "Hamburg"]
[Date "2019.01.27"]
[Round "3.1"]
[White "Wachinger, Nikolas"]
[Black "Zaitsev, Mikhail"]
[Result "1-0"]
[WhiteElo "2276"]
[BlackElo "2467"]
[PlyCount "91"]
[EventDate "2019.??.??"]

1. e4 e5 2. Nf3 d6 3. d4 exd4 4. Nxd4 Nf6 5. Nc3 Be7 6. Bf4 O-O 7. Qd2 Nc6 8.
O-O-O Nxd4 9. Qxd4 Be6 10. f3 Nd7 11. Nd5 Bxd5 12. Qxd5 Qc8 13. Kb1 Bf6 14. g4
Nb6 15. Qb3 Qe6 16. h4 Qxb3 17. axb3 Rfe8 18. Bb5 Re7 19. g5 Be5 20. Bd2 c6 21.
Bd3 d5 22. Be3 Bc7 23. h5 Rd8 24. g6 h6 25. Bf2 Red7 26. Bc5 fxg6 27. hxg6 Bd6
28. Bxb6 axb6 29. exd5 Be7 30. Bf5 Rc7 31. Be6+ Kf8 32. c4 cxd5 33. cxd5 Bd6
34. Rh5 Ke7 35. Re1 Bg3 36. Rg1 Bf2 37. Rd1 Kd6 38. Rf5 Re7 39. Kc2 Bh4 40. b4
Bf6 41. Rd2 Rde8 42. Rg2 Rc7+ 43. Kd3 Ree7 44. Rxf6 gxf6 45. Ke4 Rc8 46. Kf5
1-0

[Event "Niedersaechsisches DLM-Triumph-Turnier"]
[Site "Hamburg"]
[Date "2019.01.28"]
[Round "4.1"]
[White "Feuerstack, Aljoscha"]
[Black "Wachinger, Nikolas"]
[Result "1-0"]
[WhiteElo "2456"]
[BlackElo "2276"]
[PlyCount "83"]
[EventDate "2019.??.??"]

1. e4 c5 2. Nf3 d6 3. d4 Nf6 4. Nc3 cxd4 5. Nxd4 a6 6. Be3 Ng4 7. Bc1 Nf6 8. f3
e6 9. Be3 b5 10. g4 h6 11. a3 Nbd7 12. Qd2 Bb7 13. O-O-O Nb6 14. h4 Nfd7 15.
Kb1 Ne5 16. Qe1 Nbc4 17. Bc1 Qa5 18. f4 Nxg4 19. f5 e5 20. Nb3 Qc7 21. Nd5 Bxd5
22. exd5 Rc8 23. Nd4 Nf6 24. Bg2 Nb6 25. Nc6 Nbxd5 26. Rxd5 Nxd5 27. Bxd5 Be7
28. Rg1 Bf6 29. Qe4 Kf8 30. Rg3 Kg8 31. Qg2 Kh7 32. Rxg7+ Bxg7 33. f6 Rhg8 34.
Qe4+ Kh8 35. Qf5 Bf8 36. Be4 Rg6 37. h5 d5 38. Bxd5 Qd6 39. hxg6 Ra8 40. g7+
Kg8 41. Be4 Qd8 42. Qh7# 1-0

[Event "Niedersaechsisches DLM-Triumph-Turnier"]
[Site "Hamburg"]
[Date "2019.01.29"]
[Round "5.1"]
[White "Wachinger, Nikolas"]
[Black "Fries-Nielsen, Jens Ove"]
[Result "1-0"]
[WhiteElo "2276"]
[BlackElo "2378"]
[PlyCount "101"]
[EventDate "2019.??.??"]

1. e4 g6 2. d4 Bg7 3. Nc3 a5 4. f4 c6 5. Nf3 a4 6. a3 d5 7. e5 Qb6 8. Rb1 Nh6
9. Be3 f6 10. h3 fxe5 11. fxe5 Nd7 12. Qd2 Nf5 13. Bf4 O-O 14. Ne2 c5 15. c3
cxd4 16. cxd4 e6 17. g4 Ne7 18. Nc3 Nc6 19. Be2 Qa7 20. h4 Nxd4 21. Nxd4 Nxe5
22. Ncb5 Qb6 23. h5 Bd7 24. hxg6 Nxg6 25. Bc7 Qa6 26. Bd3 e5 27. Nd6 exd4 28.
Bxa6 bxa6 29. Qh2 h6 30. g5 Ne5 31. Kd1 Bg4+ 32. Kc1 h5 33. Qd2 Rfc8 34. Nxc8
Rxc8 35. Qa5 Bf3 36. Re1 Nc4 37. Qc5 d3 38. Rd1 Be5 39. Rxd3 Rxc7 40. Qxc7 Bxc7
41. Rxf3 Kg7 42. Kc2 d4 43. Rf6 Bg3 44. Kd3 Ne5+ 45. Kxd4 h4 46. Ke4 Nd7 47.
Rh6 Nc5+ 48. Kf5 Nd3 49. Rd1 Nc5 50. Rd5 Bf2 51. Rc6 1-0

[Event "Niedersaechsisches DLM-Triumph-Turnier"]
[Site "Hamburg"]
[Date "2019.01.30"]
[Round "6.1"]
[White "Lanka, Zigurds"]
[Black "Wachinger, Nikolas"]
[Result "1/2-1/2"]
[WhiteElo "2416"]
[BlackElo "2276"]
[PlyCount "63"]
[EventDate "2019.??.??"]

1. e4 c5 2. Nf3 d6 3. d4 Nf6 4. Nc3 cxd4 5. Nxd4 a6 6. Be3 Ng4 7. Bc1 Nf6 8.
Be3 Ng4 9. Bg5 h6 10. Bh4 g5 11. Be2 Bg7 12. Bg3 h5 13. Bxg4 Bxg4 14. f3 Bd7
15. Bf2 Nc6 16. Qd2 Qa5 17. O-O-O Rc8 18. Kb1 Be6 19. Nd5 Qxd2 20. Rxd2 Bxd5
21. exd5 Nxd4 22. Bxd4 Bxd4 23. Rxd4 Kd7 24. c3 Rc5 25. Re1 e5 26. dxe6+ fxe6
27. Rde4 e5 28. a4 Rf8 29. Kc2 Rf4 30. Kd3 Rd5+ 31. Kc2 Rc5 32. Kd3 {(=)}
1/2-1/2